El proceso de Jesús: la pasión en los cuatro evangelios
Saved in:
| Hovedforfatter: | |
|---|---|
| Format: | Bog |
| Sprog: | spansk |
| Udgivet: |
Bilbao
Desclée de Brouwer
1996
|
| Udgivelse: | 1a. ed |
| Serier: | Biblioteca Manual Desclée, 10
|
| Fag: | |
| Tags: |
Tilføj Tag
Ingen Tags, Vær først til at tagge denne postø!
|
MARC
| LEADER | 00000cam a2200000 a 4500 | ||
|---|---|---|---|
| 001 | UCC6493 | ||
| 003 | CL-VaPUC | ||
| 008 | 181213e19960000sp |||||||||||||||||spa|d | ||
| 020 | |a 8433011758 | ||
| 082 | 0 | 4 | |a 232.96 |b LEG |2 21 |
| 100 | |a Légasse, Simon |e autor |9 600731 | ||
| 245 | 1 | 3 | |a El proceso de Jesús: la pasión en los cuatro evangelios |
| 250 | |a 1a. ed | ||
| 300 | |a 581 p | ||
| 942 | |c BK | ||
| 945 | |d 20181213 14:55:00 |a dcastane | ||
| 260 | |a Bilbao |b Desclée de Brouwer |c 1996 | ||
| 650 | 0 | |a Nuevo testamento |9 257604 | |
| 650 | 7 | |a RELATOS DE LA PASION |2 CL-VaPUC |9 545525 | |
| 650 | 7 | |a PASION DE JESUS |2 CL-VaPUC |9 444272 | |
| 650 | 7 | |a CRUCIFIXION |2 CL-VaPUC |9 395258 | |
| 583 | |a last modification |c 20181213 14:55:00 |k Rodrigo Vera | ||
| 490 | 0 | |a Biblioteca Manual Desclée, 10 | |
| 999 | |c 373434 |d 373432 | ||
| 952 | |0 0 |1 0 |3 erd |4 0 |6 232_960000000000000_LEG_1996 |7 0 |8 A |9 491535 |a BIBTEO |b BIBTEO |e Precht Pizarro, Jorge Enrique |i 552038K |o 232.96 LEG 1996 |p 552038K |r 2025-01-17 |w 2019-11-24 |y BK |z Catalogado en:20181213 |k ICR | ||